Calciatori del Milan nella Squadra dell'anno UEFA - Statistics

Statistiche generali
  • Questo quiz è stato fatto 62 volte
  • Il punteggio medio è 6 su 8
Statistiche sulle risposte
Numero apparizioni Edizioni apparizioni Nazione Calciatore % Corretto
2 2003; 2005 Italia Paolo Maldini
98%
2 2004; 2005 Ucraina Andrij Shevchenko
91%
3 2006; 2007; 2009 Brasile Kaká
91%
4 2002; 2003; 2004; 2007 Italia Alessandro Nesta
81%
2 2002; 2007 Paesi Bassi Clarence Seedorf
78%
2 2004; 2005 Brasile Cafu
74%
2 2011; 2012 Brasile Thiago Silva
62%
1 2001 Romania Cosmin Contra
29%
Nessun quiz corrispondente trovato
Distribuzione punteggi
Percentuale di utenti per punteggio
Percentile per numero di risposta
I tuoi punteggi nel tempo
Non hai fatto questo quiz